LEADER 02056oam 2200577 450 001 9910713513203321 005 20200604100645.0 035 $a(CKB)5470000002502535 035 $a(OCoLC)966434561 035 $a(OCoLC)995470000002502535 035 $a(EXLCZ)995470000002502535 100 $a20161219d1989 ua 0 101 0 $aeng 135 $aurbn||||||||| 181 $ctxt$2rdacontent 182 $cc$2rdamedia 183 $acr$2rdacarrier 200 10$aEvaluation of methodology for delineation of protection zones around public-supply wells in west-central Florida /$fby John Vecchioli, James D. Hunn, and Walter R. Aucott 210 1$aTallahassee, Florida :$cU.S. Geological Survey,$d1989. 215 $a1 online resource (iv, 36 pages) $cillustrations +$e3 plates 225 1 $aWater-resources investigations report ;$v88-4051 300 $a"Prepared in cooperation with the Florida Department of Environmental Regulation." 320 $aIncludes bibliographical references (pages 33-36). 606 $aGroundwater$zFlorida 606 $aGroundwater$xPollution$zFlorida 606 $aGroundwater$xQuality$zFlorida 606 $aGroundwater$2fast 606 $aGroundwater$xPollution$2fast 606 $aGroundwater$xQuality$2fast 607 $aFlorida$2fast 615 0$aGroundwater 615 0$aGroundwater$xPollution 615 0$aGroundwater$xQuality 615 7$aGroundwater. 615 7$aGroundwater$xPollution. 615 7$aGroundwater$xQuality. 700 $aVecchioli$b John$01385981 702 $aHunn$b James D.$f1932- 702 $aAucott$b Walter R. 712 02$aGeological Survey (U.S.), 712 02$aFlorida.$bDepartment of Environmental Regulation. 801 0$bCOP 801 1$bCOP 801 2$bOCLCO 801 2$bOCLCF 801 2$bOCLCA 801 2$bGPO 906 $aBOOK 912 $a9910713513203321 996 $aEvaluation of methodology for delineation of protection zones around public-supply wells in west-central Florida$93492926 997 $aUNINA LEADER 03032nam 2200685 a 450 001 9910139609103321 005 20200520144314.0 010 $a9786613240439 010 $a9781119977575 010 $a1119977576 010 $a9781283240437 010 $a1283240432 010 $a9781119976530 010 $a1119976537 010 $a9781119976523 010 $a1119976529 035 $a(CKB)2550000000045389 035 $a(EBL)697617 035 $a(OCoLC)755702249 035 $a(SSID)ssj0000535761 035 $a(PQKBManifestationID)12234243 035 $a(PQKBTitleCode)TC0000535761 035 $a(PQKBWorkID)10539635 035 $a(PQKB)10899286 035 $a(SSID)ssj0000849970 035 $a(PQKBManifestationID)12300048 035 $a(PQKBTitleCode)TC0000849970 035 $a(PQKBWorkID)10825218 035 $a(PQKB)11527668 035 $a(MiAaPQ)EBC697617 035 $a(PPN)190186682 035 $a(Perlego)1014286 035 $a(EXLCZ)992550000000045389 100 $a20110519d2011 uy 0 101 0 $aeng 135 $aur|n|---||||| 181 $ctxt$2rdacontent 182 $cc$2rdamedia 183 $acr$2rdacarrier 200 00$aDendrimers $etowards catalytic, material, and biomedical uses /$fAnne-Marie Caminade ... [et al.] 205 $a1st ed. 210 $aChichester, U.K. ;$aHoboken, N.J. $cWiley$d2011 215 $a1 online resource (558 p.) $cill 300 $aDescription based upon print version of record 311 08$a9780470748817 311 08$a0470748818 320 $aIncludes bibliographical references and index. 327 $aIntroduction : what are dendrimers and dendrons? -- Syntheses of poly(propyleneimine) dendrimers (PPI) -- Synthesis of poly(amidoamine) dendrimers (PAMAM) -- Syntheses of poly(ether) dendrimers -- Syntheses of poly(ester) dendrimers -- Synthesis of poly(lysine) dendrimers -- Syntheses of silicon-containing dendrimers -- Syntheses of phosphorus-containing dendrimers -- Syntheses of carbon-based dendrimers -- Syntheses of dendrimers constituted of nitrogen heterocycles -- Syntheses by self-assembly -- Accelerated syntheses. 330 $aThis book will be mainly focussed on the properties and uses of dendrimers and dendrons. The aim of this book is to be the reference book about dendrimers applications. It will not describe all details, but it will give the reader a unique overview of what has currently been done with dendrimers, with numerous references and illustrations. It will be divided in four main parts: Part 1) Generalities, syntheses, characterizations and properties; Part 2) Applications in catalysis; Part 3) Applications for the elaboration or modification of materials; and Part 4) Applic 606 $aDendrimers 615 0$aDendrimers. 676 $a668.92 701 $aCaminade$b Anne-Marie$0866191 801 0$bMiAaPQ 801 1$bMiAaPQ 801 2$bMiAaPQ 906 $aBOOK 912 $a9910139609103321 996 $aDendrimers$91933239 997 $aUNINA